Введение в историю и философию науки: учебное пособие для вузов

Bibliographic Details
Other Authors: Лебедев С. А. Сергей Александрович, Ильин В.В., Лазарев Ф.В., Лесков Л.В.
Summary:Парал. загл.: An introduction to the history and the philosophy of science.
Учебное пособие написано профессорами Московского государственного университета им. М. В. Ломоносова. Авторы описывают генезис и основные исторические этапы развития науки. Они также обсуждают основные темы современной философии науки: взаимосвязь философии и науки, структура и динамика науки, методы научного исследования, философские аспекты современной научной картины мира. Книга адресована студентам вузов, аспирантам, преподавателям и научным работникам, всем, кто интересуется проблемами современной философии науки. Особенно она будет полезна для подготовки к экзамену нового кандидатского минимума «История и философия науки».
Language:Russian
Published: Москва, Акад. Проект, 2005
Series:Gaudeamus
Subjects:
Format: Book
KOHA link:https://koha.lib.tpu.ru/cgi-bin/koha/opac-detail.pl?biblionumber=82556

MARC

LEADER 00000nam0a2200000 4500
001 82556
005 20231101213234.0
010 |a 5829105683  |b (Акад. Проект) (в пер.)  |b 3000 экз.  |b (Культура) 
010 |a 5-902767-09-1 
021 |a RU  |b 05-44662  |9 05-2198 
035 |a (RuTPU)RU\TPU\book\88709 
090 |a 82556 
100 |a 20051004d2005 m y0rusy5002 ca 
101 0 |a rus 
102 |a RU 
105 |a y j 001zy 
200 1 |a Введение в историю и философию науки  |e учебное пособие для вузов  |d An introduction to the history and the philosophy of science  |f С. А. Лебедев, В. В. Ильин, Ф. В. Лазарев, Л. В. Лесков  |g под ред. С. А. Лебедева 
210 |a Москва  |c Акад. Проект  |c Культура  |d 2005 
215 |a 407, [1] с.  |d 21 см. 
225 1 |a Gaudeamus 
300 |a Парал. загл.: An introduction to the history and the philosophy of science. 
320 |a Библиогр. в конце тем 
330 |a Учебное пособие написано профессорами Московского государственного университета им. М. В. Ломоносова. Авторы описывают генезис и основные исторические этапы развития науки. Они также обсуждают основные темы современной философии науки: взаимосвязь философии и науки, структура и динамика науки, методы научного исследования, философские аспекты современной научной картины мира. Книга адресована студентам вузов, аспирантам, преподавателям и научным работникам, всем, кто интересуется проблемами современной философии науки. Особенно она будет полезна для подготовки к экзамену нового кандидатского минимума «История и философия науки». 
510 1 |a An introduction to the history and the philosophy of science 
606 1 |a Философия науки  |2 stltpush  |3 (RuTPU)RU\TPU\subj\63888  |9 80820 
610 1 |a философия 
610 1 |a наука 
610 1 |a история 
610 1 |a генезис 
610 1 |a предмет 
610 1 |a взаимосвязь 
610 1 |a научное знание 
610 1 |a структура 
610 1 |a научное исследование 
610 1 |a методы 
610 1 |a онтология 
610 1 |a научная картина мира 
610 1 |a учебные пособия 
686 |a Ю25я73  |v LBC/SL-A  |2 rubbk 
701 1 |a Лебедев  |b С. А.  |g Сергей Александрович  |4 070 
701 1 |a Ильин  |b В.В.  |4 070 
701 1 |a Лазарев  |b Ф.В.  |4 070 
701 1 |a Лесков  |b Л.В.  |4 070 
801 0 |a RU  |b RKP  |c 20050810  |g PSBO 
801 1 |a RU  |b 63413507  |c 20051004  |g PSBO 
801 2 |a RU  |b 63413507  |c 20140404  |g PSBO 
900 |a Философия 
900 |a Методы научного познания 
942 |c BK 
951 |a 520400  |b 030100